000 01115cam a2200229 4500
001 ABS63992
008 000000n2001 000 0 eng u
035 _a(Sirsi) u112699
100 _aSlater, J
245 _aHome exclusion zones
260 _c2001
490 _aArchitects' Journal
_v213(19) 17 May 2001, 34(1)
520 _aArgues that the drive to address declining communities has excluded people in need from the social housing sector. Government initiatives such as the Social Exclusion Unit and antisocial behaviour orders (ASBOs) target undesirable tenants, who are often the more vulnerable members of communities. The evicted tenants will either end up homeless or in poor quality hostel accommodation, while the social housing properties lie empty. Concludes that regenerating communities should not only focus on redesigning areas with model citizens.
590 _aABS
650 _aSOCIAL EXCLUSION
650 _aSOCIAL HOUSING
650 _aANTI-SOCIAL BEHAVIOUR ORDERS
650 _aREGENERATION
650 _aHOUSING SUPPLY
690 _aAffordable housing
_96215
942 _n0
999 _c67090
_d67090